Statistics for -Ic Vocabulary Words #2

Click here to take the quiz!

General Stats

  • This quiz has been taken 156 times
  • The average score is 10 of 20

Answer Stats

definitionword% Correct
some houses' topmost roomattic
88%
open-air meal, often on a blanketpicnic
88%
loving of one's homelandpatriotic
81%
Tesla cars, for exampleelectric
77%
notes strung together tunefullymusic
71%
relating to something precise or particularspecific
66%
opposite of idealisticrealistic
59%
Greece had this sort of crisis in 2015economic
56%
overzealously passionate supporterfanatic
53%
terminal from which you fly within a countrydomestic
50%
compasses point to this version of northmagnetic
48%
person who copiesmimic
43%
embassy staff are supposed to be thisdiplomatic
42%
groups sharing a common cultureethnic
36%
this is mostly comprised of carstraffic
32%
1800-1850 artistic eraromantic
31%
extremely severedrastic
21%
USA, Turkey and (only in 1846) Californiarepublic
19%
method of achieving a goaltactic
15%
root vegetablegarlic
14%

Score Distribution

Percentile by Number Answered

Percent of People with Each Score

Your Score History

You have not taken this quiz